ბათუმის შოთა რუსთაველის სახელმწიფო უნივერსიტეტის ბიბლიოთეკა

სარკინიგზო და სხვა სახის ტრანსპორტის ურთიერთქმედება : (ბიბ.ჩანაწერი № 57288)

000 -ლიდერი
ფიქსირებული სიგრძის საკონტროლო ველი 01141nam a22002297a 4500
003 - საკონტროლო ნომრის იდენტიფიკატორი
საკონტროლო ველი Ge_BSU
005 - ბოლო ოპერაციის თარიღი და დრო
საკონტროლო ველი 20200207134015.0
008 - ფიქსირებული სიგრძის მონაცემთა ელემენტები - ზოგადი ინფორმაცია
ფიქსირებული სიგრძის საკონტროლო ველი 200207s2012ge xxu||||| |||| 00| 0 geo d
020 ## - წიგნის საერთაშორისო სტანდარტული ნომერი
International Standard Book Number 9789941200656
041 ## - ენის კოდი
Language code of text/sound track or separate title geo
080 ## - უნივერსალური ათობითი კლასიფიკაციის ინდექსი
Universal Decimal Classification number 656.2:658(075.8) ქ-41
100 ## - მთავარი ჩანაწერი - პიროვნების სახელი
Personal name ქენქაძე, პეტრე.
9 (RLIN) 6871
245 ## - ცნობა სათაურის შესახებ
Title სარკინიგზო და სხვა სახის ტრანსპორტის ურთიერთქმედება :
Remainder of title [სახელმძღვ.] /
Statement of responsibility, etc პ. ქენქაძე ; ჯ. მორჩილაძე ; [რედ. ნ. დოლიძე].
264 ## - წარმოების, გამოცემის, დისტრიბუციის და სხვა ცნობები
გამოცემის, წარმოების, დისტრიბუციის... ადგილი თბილისი :
გამოცემის, წარმოების, დისტრიბუციის... სახელწოდება ტექნ. უნ-ტი,
გამოცემის, წარმოების, დისტრიბუციის... თარიღი 2012.
300 ## - ფიზიკური აღწერა
Extent 183 გვ. :
Other physical details ნახ. ;
Dimensions 20 სმ.
504 ## - BIBLIOGRAPHY, ETC. NOTE
Bibliography, etc ბიბლიოგრ.: გვ. 177.
653 ## - INDEX TERM--UNCONTROLLED
Uncontrolled term სარკინიგზო ტრანსპორტის ექსპლუატაცია
653 ## - INDEX TERM--UNCONTROLLED
Uncontrolled term ტრანსპორტი
700 ## - ADDED ENTRY--PERSONAL NAME
Personal name მორჩილაძე, ჯ
9 (RLIN) 6872
700 ## - ADDED ENTRY--PERSONAL NAME
Personal name დონდოლაძე, ნინო
Relator term რედაქტორი
9 (RLIN) 1930
942 ## - ADDED ENTRY ELEMENTS (KOHA)
Source of classification or shelving scheme
Koha item type წიგნი
ეგზემპლარები
ჩამოწერის სტატუსი დაკარგული ეგზემპლარის სტატუსი კლასიფიკაციის წყარო ან თაროზე გაწყობის სქემა დაზიანების სტატუსი არ გაიცემა მუდმივი მდებარეობა (დაცვის ადგილი) ამჟამინდელი ადგილსამყოფელი თაროზე განთავსების ადგილი შეძენის თარიღი ღირებულება, შესყიდვის ნორმალური ფასი სრული შენახვის შიფრი შტრიხკოდი ბოლო ოპერაციის თარიღი ეგზემპლარის მიმდევრობითი ნომერი (კეტერი?) ფასის ძალაში შესვლის თარიღი ეგზემპლარის სახეობა საჯარო შენიშვნა
          ბათუმის შოთა რუსთაველის სახელმწიფო უნივერსიტეტის მთავარი ბიბლიოთეკა ტექნოლოგიური ფაკულტეტის ბიბლიოთეკა წიგნსაცავი 2020-02-07 8.00 656.2:658(075.8) ქ-41 60416 2020-02-07 60416 2020-02-07 წიგნი 8.00